000 nam a22 7a 4500
999 _c330451
_d330451
003 ASAB
005 20170713135717.0
008 170713b xxu||||| |||| 00| 0 eng d
040 _cASAB
082 _aThesis 2017 ANC
100 _aAsma Naseer Cheema
_93280
245 _aTh-PhD-Screening of candidate coronary artery disease genes in Pakistan population
_cAsma Naseer Cheema-sup-Dr. Attya Bhatti.
260 _aIslamabad.
_bAtta Ur Rahman School of Applied Biosciences NUST.
_c2017
300 _a260 P
630 _aCandidate Coronary Artery Disease
_93281
942 _2ddc
_cTH